Dungeons and Dragons Trivia: Vecna - Statistics

General Stats
  • This quiz has been taken 136 times
  • The average score is 6 of 14
Answer Stats
Question Answer % Correct
Who is Vecna's traitorous lieutenant? Kas
80%
On what elemental plane is Vecna's Citadel Cavitius? Ash
73%
What was the name of Vecna's former realm on Oerth? The Occluded Empire
67%
What is the name of the heretical cult who sought to merge Vecna with Hextor and Erythnul? The Ebon Triad
60%
Which pop culture phenomenon has not used the name Vecna? (yet) Lego
53%
Vecna is the god of... Secrets and Magic
53%
What is the title of Vecna's high priest? The Heart of Vecna
40%
What is the name of Vecna's unholy dagger? Afterthought
33%
In what D&D book did the name Vecna first appear? Eldritch Wizardry
33%
The ruins of Vecna's Spidered Throne lie in what swamp? Rushmoors
33%
Which is not a nickname for Vecna? The Bloody-Handed
33%
Vecna is originally from the world of Oerth, what is his human background? Flan
27%
Which body parts did Vecna lose that eventually became famous artifacts? Left Hand and Left Eye
7%
Which spellbook did Vecna write? Vecna's Ineffable Variorium
7%
No matching quizzes found
Score Distribution
Percent of People with Each Score
Percentile by Number Answered
Your Score History
You have not taken this quiz